000 00847nam a22001937a 4500
005 20260511140937.0
008 260511b |||||||| |||| 00| 0 eng d
040 _cCRL
041 _aਪੰਜਾਬੀ
100 _aਕੌਰ, ਬੇਅੰਤ
_9814687
245 _aਆਦਿ ਗ੍ਰੰਥ ਵਿੱਚ ਦਰਜ ਬਗਤ ਬਾਣੀ ਦਾ ਧਰਮ -ਸ਼ਾਹਸਤੀ ਪਰਿਪੇਖ:
_b(ਭਗਤ ਕਬੀਰ, ਰਵਿਦਾਸ ਅਤੇ ਨਾਮਦੇਵ ਦੇ ਵਿਸ਼ੇਸ਼ ਸੰਦਰਭ ਵਿੱਚ )
_cby ਬੇਅੰਤ ਕੌਰ
260 _aDelhi
_bUniversity of Delhi
_c2025
300 _a283 ਪ.
502 _bPh.D.
_cUniversity of Delhi
700 _aਰੰਜੂ ਬਾਲਾ
_91238984
710 _bDepartment of Punjabi, University of Delhi,
_91238985
942 _cTH
999 _c1851182
_d1851182